| 000 | 00645nam a2200181Ia 4500 | ||
|---|---|---|---|
| 008 | 151202s9999||||xx |||||||||||||| ||und|| | ||
| 082 | _bPNVM-33129 | ||
| 100 | _aदातार श्रीार. | ||
| 245 | _aदातार कुल वृत्तांत. | ||
| 260 | _bदातार कुल वृत्तांत समिती. | ||
| 260 | _c1974 | ||
| 300 | _a823 | ||
| 600 | _aदातार श्रीार. | ||
| 630 | _aदातार कुल वृत्तांत. | ||
| 700 | _aदातार श्रीार. | ||
| 730 | _aदातार कुल वृत्तांत. | ||
| 942 | _cBOOK | ||
| 999 |
_c1299090 _d1299087 |
||